000 00282nam a22001217a 4500
003 SGT
082 _a006,RAJ
100 _aRAJASENKARAN. S.
245 _aNEURAL NETWORKS FUZZY LOGIC AND GENETIC ALGORITHMS
260 _aNEW DELHI
_bPHI
_c2011
300 _a439
942 _2ddc
_cGF BOOKS
999 _c32590
_d32590